| 000 | 00000nam##2200000za#4500 |
| 001 | 9.699336 |
| 003 | CaOODSP |
| 005 | 20210625000332 |
| 007 | cr ||||||||||| |
| 008 | 150407|1990||||xxc|||||o f|0| 0 eng|d |
| 040 | |aCaOODSP|beng |
| 043 | |an-cn--- |
| 086 | 1 |aA15-1840/1990E-PDF |
| 110 | 1 |aCanada.|bAgriculture Canada.|bResearch Branch. |
| 245 | 10|aHandling agricultural materials. Electrical controls and instrumentation / |h[electronic resource]|cprepared by UMA Engineering Ltd., Winnipeg, Man., for the Canada Committee on Agricultural Engineering Services of the Canadian Agricultural Services Coordinating Committee. |
| 260 | |aOttawa - Ontario : |bAgriculture Canada. |c1990. |
| 300 | |a44p.|bfigs., references |
| 500 | |aHistorical publication digitized by Agriculture and Agri-Food Canada. "Previously published under title: Canadian agricultural materials handling manual. 5.1. Electrical controls and instrumentation."--p. 4 of 44. |
| 590 | |a14-11-Supp|b2014-05-21 |
| 690 | 07|aAgricultural technology|2gcpds |
| 775 | 08|tManutention de produits agricoles. Instruments et appareils de régulation électrique / |w(CaOODSP)9.643326 |
| 856 | 40|ahttp://publications.gc.ca|qPDF|s2.4 MB|uhttps://publications.gc.ca/collections/collection_2014/aac-aafc/agrhist/A15-1840-1990-eng.pdf |
| 986 | |a1840/E |